[Event "2nd Cambridge Int Open"]
[Site "Cambridge ENG"]
[Date "2024.02.24"]
[Round "9.33"]
[White "Blauhut, Holger"]
[Black "Lazarus, Simon E"]
[Result "1-0"]
[WhiteTitle "CM"]
[WhiteElo "2016"]
[BlackElo "1845"]
[WhiteFideId "24665177"]
[BlackFideId "343408451"]
[EventDate "2024.02.19"]

1. e4 c5 2. Nf3 Nc6 3. Bb5 g6 4. O-O Bg7 5. c3 Nf6 6. Re1 O-O 7. d4 d5 8. e5 Ne4
9. Be3 cxd4 10. cxd4 Qb6 11. Bxc6 bxc6 12. Qc1 Rb8 13. b3 f6 14. Nc3 Nxc3 15.
Qxc3 Bg4 16. exf6 Bxf6 17. Ne5 Be6 18. Rad1 Bxe5 19. dxe5 Qa6 20. Rd2 Rfc8 21.
Bc5 Rc7 22. Re3 Rf8 23. Rf3 Rxf3 24. Qxf3 Qa5 25. b4 Qb5 26. Rd4 Qb8 27. Qe3 a6
28. Rd3 Qb5 29. Rd4 Qa4 30. Qd2 Bf5 31. g4 Bb1 32. e6 Rc8 33. Bxe7 Re8 34. Qg5
c5 35. Qf6 Rxe7 36. Qxe7 cxd4 37. Qf7+ Kh8 38. Qf8# 1-0

[Event "2nd Cambridge Int Open"]
[Site "Cambridge ENG"]
[Date "2024.02.24"]
[Round "9.34"]
[White "Hutchinson, Paul A"]
[Black "Skettos, Nicolas"]
[Result "0-1"]
[WhiteElo "2005"]
[BlackElo "1894"]
[WhiteFideId "411558"]
[BlackFideId "5900670"]
[EventDate "2024.02.19"]

1. d4 Nf6 2. Bf4 d5 3. e3 e6 4. Nf3 Bd6 5. Nbd2 O-O 6. c3 c5 7. Bd3 Bxf4 8. exf4
b6 9. Qe2 a5 10. Ne5 Ba6 11. g4 cxd4 12. cxd4 Qd6 13. g5 Bxd3 14. Nxd3 Ne4 15.
Nxe4 dxe4 16. Qxe4 Nc6 17. O-O-O Nxd4 18. Kb1 Rad8 19. Ne5 Qd5 20. Qe3 Rd6 21.
Rd3 Qxh1+ 0-1

[Event "2nd Cambridge Int Open"]
[Site "Cambridge ENG"]
[Date "2024.02.24"]
[Round "9.35"]
[White "Okhai, Shabir"]
[Black "Wynarczyk, Raymond"]
[Result "1-0"]
[WhiteElo "2104"]
[BlackElo "1712"]
[WhiteFideId "445134"]
[BlackFideId "415081"]
[EventDate "2024.02.19"]

1. e4 d6 2. d4 Nf6 3. Nc3 e5 4. Nge2 Be7 5. f3 O-O 6. Be3 Nbd7 7. Qd2 exd4 8.
Nxd4 Ne5 9. O-O-O a6 10. Be2 c5 11. Nf5 Bxf5 12. exf5 Qa5 13. Kb1 Kh8 14. g4 b5
15. g5 Nfd7 16. Qe1 Rfe8 17. Qh4 Nb6 18. Bc1 Nbc4 19. f4 Nc6 20. f6 Bf8 21. Bd3
g6 22. f5 N6e5 23. fxg6 Nxg6 24. Bxg6 fxg6 25. Rd3 Qb4 26. Qf2 Ne5 27. Rh3 Qg4
28. Rg3 Qd4 29. Qxd4 cxd4 30. Nd5 Rac8 31. Rd1 d3 32. cxd3 Rc5 33. Nf4 Nf7 34.
h4 Rf5 35. b3 d5 36. Rg2 Bd6 37. Ne2 Be5 38. Bb2 h6 39. Nd4 Rf4 40. Nc6 Bxb2 41.
Kxb2 Rxh4 42. Ne7 Kh7 43. gxh6 Rxh6 44. d4 Nd6 45. Rdg1 Rf8 46. Nxd5 Ne4 47. Re1
Nxf6 48. Re7+ Kg8 49. Nf4 Rf7 50. Re6 Kg7 51. Rxa6 Kh7 52. Ne6 Ne4 53. Re2 Rf2
54. Ra7+ Kg8 55. Rxf2 Nxf2 56. Kc3 Ne4+ 57. Kd3 Nd6 58. d5 b4 59. Rd7 Rh3+ 60.
Kd4 Rh4+ 61. Kc5 Ne4+ 62. Kc6 Rh2 63. d6 Rxa2 64. Rg7+ Kh8 65. d7 Ra6+ 66. Kc7
Rxe6 67. Rxg6 Re7 68. Kc8 Rxd7 69. Kxd7 Nc5+ 70. Ke7 Kh7 71. Kf7 Nd3 72. Re6 Nf4
73. Re4 Ng6 74. Rxb4 1-0

[Event "2nd Cambridge Int Open"]
[Site "Cambridge ENG"]
[Date "2024.02.24"]
[Round "9.36"]
[White "Hutchinson, Norman A"]
[Black "Orton, Stephen L A"]
[Result "0-1"]
[WhiteElo "1962"]
[BlackElo "2154"]
[WhiteFideId "411540"]
[BlackFideId "414921"]
[EventDate "2024.02.19"]

1. e4 c5 2. c3 d6 3. d4 Nf6 4. Bd3 g6 5. Ne2 Bg7 6. O-O O-O 7. Nd2 Nc6 8. d5 Ne5
9. Bc2 e6 10. c4 b5 11. dxe6 fxe6 12. cxb5 Nfg4 13. g3 Rxf2 14. Rxf2 Ne3 15. Qf1
Nxf1 16. Nxf1 a6 17. bxa6 Bxa6 18. Nf4 Ng4 19. Rf3 Qe7 20. Nd2 Bd4+ 21. Kh1 Ne5
22. Ra3 g5 23. Ne2 Bxe2 24. Rxa8+ Kg7 0-1

[Event "2nd Cambridge Int Open"]
[Site "Cambridge ENG"]
[Date "2024.02.24"]
[Round "9.37"]
[White "Payne, Matthew J"]
[Black "Redman, David J"]
[Result "1-0"]
[WhiteElo "2089"]
[BlackElo "1971"]
[WhiteFideId "417084"]
[BlackFideId "421782"]
[EventDate "2024.02.19"]

1. e4 Nf6 2. e5 Nd5 3. d4 d6 4. c4 Nb6 5. f4 dxe5 6. fxe5 Nc6 7. Be3 Bf5 8. Nc3
e6 9. Nf3 Bg4 10. Be2 Bxf3 11. gxf3 Qh4+ 12. Bf2 Qf4 13. c5 Nd7 14. Qc1 Qxc1+
15. Rxc1 O-O-O 16. O-O g6 17. f4 Ndb8 18. d5 exd5 19. Bg4+ Nd7 20. Nxd5 h5 21.
Bh3 g5 22. fxg5 Kb8 23. Bxd7 Rxd7 24. Rfd1 Bg7 25. Nf6 Rxd1+ 26. Rxd1 Nxe5 27.
Rd5 Ng6 28. c6 bxc6 29. Rd3 Bxf6 30. gxf6 Nf4 31. Rd7 Rh7 32. Rd8+ Kb7 33. Bh4
Ne6 34. Rg8 Rh6 35. Kf2 Nc5 36. Kf3 Nd7 37. Bg5 Nxf6 38. Rg7 Rh7 39. Bxf6 Rxg7
40. Bxg7 Kc8 41. Kf4 Kd7 42. Be5 c5 43. Kg5 h4 44. Kxh4 1-0

[Event "2nd Cambridge Int Open"]
[Site "Cambridge ENG"]
[Date "2024.02.24"]
[Round "9.38"]
[White "Reynolds, D Ian W"]
[Black "Homer, Stephen J"]
[Result "0-1"]
[WhiteElo "1951"]
[BlackElo "2021"]
[WhiteFideId "410705"]
[BlackFideId "410322"]
[EventDate "2024.02.19"]

1. e4 c5 2. c3 Nf6 3. e5 Nd5 4. Nf3 Nc6 5. Bc4 e6 6. O-O d6 7. d4 dxe5 8. dxe5
Be7 9. Qe2 a6 10. a4 b6 11. Re1 Bb7 12. Na3 Na5 13. Ba2 Qd7 14. c4 Nb4 15. b3
Qc6 16. Bd2 g5 17. Red1 O-O-O 18. Bxb4 cxb4 19. Nc2 g4 20. Nfe1 Bc5 21. Qxg4
Rdg8 22. Qh3 Rg5 23. Nd4 Bxd4 24. Rxd4 Rhg8 25. Kf1 Qc5 26. Rad1 Nc6 27. R4d3
Nxe5 28. Rg3 Ng4 29. Rd2 h5 30. Bb1 Qe5 31. Qh4 Qf4 32. Re2 Ne3+ 0-1

[Event "2nd Cambridge Int Open"]
[Site "Cambridge ENG"]
[Date "2024.02.24"]
[Round "9.39"]
[White "Pert, Nina"]
[Black "Evans, Ruben"]
[Result "0-1"]
[WhiteTitle "WCM"]
[WhiteElo "2010"]
[BlackElo "1647"]
[WhiteFideId "456853"]
[BlackFideId "472018"]
[EventDate "2024.02.19"]

1. e4 e6 2. d4 d5 3. Nd2 Nf6 4. e5 Nfd7 5. Ngf3 c5 6. c3 Nc6 7. Bd3 Qb6 8. O-O
cxd4 9. cxd4 Nxd4 10. Nxd4 Qxd4 11. Nf3 Qb6 12. Qa4 Qb4 13. Qc2 Nc5 14. Bd2 Qa4
15. b3 Qa3 16. Bb5+ Bd7 17. Nd4 a6 18. Bxd7+ Nxd7 19. Qc7 Qc5 20. Qxc5 Bxc5 21.
Bc3 Rc8 22. Rfe1 O-O 23. a4 Rc7 24. Rad1 Rfc8 25. Rd3 Nxe5 26. Rg3 Ng6 27. Kf1
Bd6 0-1

[Event "2nd Cambridge Int Open"]
[Site "Cambridge ENG"]
[Date "2024.02.24"]
[Round "9.40"]
[White "Maton, Emily"]
[Black "Volovich, Julia"]
[Result "1/2-1/2"]
[WhiteElo "1703"]
[BlackElo "1983"]
[WhiteFideId "343120293"]
[BlackFideId "447099"]
[EventDate "2024.02.19"]

1. d4 Nf6 2. c4 c6 3. Nc3 d5 4. cxd5 cxd5 5. Bf4 Nc6 6. e3 Bf5 7. Qb3 Na5 8.
Qa4+ Bd7 9. Qc2 Rc8 10. Bd3 e6 11. a3 Be7 12. Nge2 h6 13. h3 O-O 14. O-O Nc4 15.
Bxc4 Rxc4 16. Qb3 Qc8 17. Rac1 a6 18. e4 dxe4 19. Nxe4 Rxc1 20. Rxc1 Bc6 21.
Nxf6+ Bxf6 22. Be5 Qd8 23. Qe3 Kh7 24. Nc3 g6 25. Ne4 Bg7 26. Bxg7 Kxg7 27. Nc3
Qd7 28. Qe5+ f6 29. Qe3 Rd8 30. Re1 Qxd4 31. Qxd4 Rxd4 32. Rxe6 Rd2 33. Re2 Rxe2
34. Nxe2 Kf7 35. f3 Ke7 36. Kf2 Kd6 37. Ke3 Kc5 38. Nf4 Kc4 39. Nxg6 Kb3 40. Ne7
Bd7 41. Ng8 f5 42. Nxh6 Kxb2 43. g4 fxg4 44. hxg4 Kxa3 45. g5 b5 46. g6 b4 47.
g7 Be6 48. f4 b3 49. f5 Bc4 50. f6 b2 51. f7 Bxf7 52. Nxf7 b1=Q 53. g8=Q Qb3+
54. Kd2 a5 55. Qg7 a4 56. Qa1+ Kb4 57. Qd4+ Qc4 58. Qxc4+ 1/2-1/2

[Event "2nd Cambridge Int Open"]
[Site "Cambridge ENG"]
[Date "2024.02.24"]
[Round "9.41"]
[White "Sasikumar, Srivathsan"]
[Black "Woltery, Nicolai"]
[Result "1-0"]
[WhiteElo "1719"]
[BlackElo "1979"]
[WhiteFideId "343401279"]
[BlackFideId "436887"]
[EventDate "2024.02.19"]

1. e4 c5 2. Nf3 Nc6 3. d4 cxd4 4. Nxd4 g6 5. c4 Bg7 6. Be3 d6 7. Nc3 Nf6 8. Be2
O-O 9. O-O Bd7 10. h3 Nxd4 11. Bxd4 Bc6 12. Qd3 a5 13. f4 Nd7 14. Bxg7 Kxg7 15.
b3 Qb6+ 16. Kh2 Kg8 17. Bf3 Nc5 18. Qc2 a4 19. Rab1 axb3 20. axb3 Ne6 21. Bg4
Nd4 22. Qf2 Qc5 23. Qh4 Rfe8 24. Rfc1 Qb4 25. f5 Nxb3 26. fxg6 hxg6 27. Nd5 Bxd5
28. exd5 Qd2 29. Rf1 Ra2 30. Qg3 Nc5 31. Be6 Nxe6 32. dxe6 Rf8 33. Rxb7 Qe2 34.
Rxf7 Qe5 35. Qxe5 dxe5 36. Rfxe7 Rf6 37. Rg7+ Kh8 38. Rh7+ Kg8 39. Rbg7+ Kf8 40.
e7+ Ke8 41. Rh8+ 1-0

[Event "2nd Cambridge Int Open"]
[Site "Cambridge ENG"]
[Date "2024.02.24"]
[Round "9.42"]
[White "Ismail, Mohammed Aayan"]
[Black "Spanton, Tim R"]
[Result "1-0"]
[WhiteElo "2111"]
[BlackElo "1766"]
[WhiteFideId "465135"]
[BlackFideId "404802"]
[EventDate "2024.02.19"]

1. d4 d5 2. c4 e6 3. Nf3 Nf6 4. g3 Bb4+ 5. Bd2 Be7 6. Bg2 O-O 7. O-O Nbd7 8. Qc2
c6 9. Nc3 dxc4 10. e4 b5 11. e5 Nd5 12. Ne4 f5 13. exf6 N7xf6 14. Ne5 Bd7 15. b3
c3 16. Nxc3 Nxc3 17. Qxc3 Nd5 18. Qc2 Rc8 19. Ba5 Qxa5 20. Nxd7 Rfd8 21. Qe4 Bf6
22. Qxe6+ Kh8 23. Bxd5 Re8 24. Qf5 Bxd4 25. Rad1 Bxf2+ 26. Rxf2 cxd5 27. Nf8
Re1+ 28. Kg2 1-0

[Event "2nd Cambridge Int Open"]
[Site "Cambridge ENG"]
[Date "2024.02.24"]
[Round "9.43"]
[White "De Coverly, Roger D"]
[Black "Bharat Kumar, Balahari"]
[Result "1/2-1/2"]
[WhiteElo "1852"]
[BlackElo "2060"]
[WhiteFideId "405213"]
[BlackFideId "496464"]
[EventDate "2024.02.19"]

1. e4 c5 2. Nf3 d6 3. g3 Nc6 4. Bg2 g6 5. O-O Bg7 6. d3 b5 7. Nc3 Rb8 8. a3 e6
9. Nh4 Nge7 10. f4 Nd4 11. Ne2 a5 12. c3 Nxe2+ 13. Qxe2 O-O 14. f5 exf5 15. exf5
Nxf5 16. Nxf5 Bxf5 17. Rxf5 gxf5 18. Qh5 Qf6 19. Bf4 b4 20. axb4 axb4 21. Rf1
bxc3 22. bxc3 Rfe8 23. Bc6 Re6 24. Bd2 Qg6 25. Qd1 Be5 26. Rf3 Kh8 27. Qf1 Rb2
28. Bc1 Rc2 29. Ba4 Rxc3 30. Bb2 Bd4+ 31. Kg2 f4 32. Bxc3 Bxc3 33. Rxf4 Re1 34.
Qf3 Qe6 35. Re4 Qa2+ 36. Kh3 Rxe4 37. Qxe4 Qe6+ 38. Qxe6 fxe6 39. Bd7 e5 40. Be6
Kg7 41. Kg4 Kf6 42. Bd5 Bd2 43. h3 h6 44. Bc4 e4 45. dxe4 Ke5 46. Kf3 Kd4 47.
Bd5 c4 48. Ke2 Ba5 49. Bc6 c3 50. Kd1 Kd3 51. Kc1 Bb4 52. Bb5+ Kxe4 53. Kc2 Kf3
54. g4 Kg3 55. Bd7 d5 56. Bf5 d4 57. Bd7 Be7 58. Kd3 Bg5 59. Bf5 Bf6 60. Be6 Kf4
61. Bd7 Ke5 62. Ba4 Bg5 63. Bd7 Be3 64. h4 Kf4 65. h5 Kf3 66. Bf5 Kf2 67. Be6
Ke1 68. Bb3 Kf1 69. Be6 Kf2 70. Bd7 Kf3 71. Be6 Bg5 72. Bf5 Bf6 73. Bd7 c2 74.
Kxc2 Ke3 75. Bf5 1/2-1/2

[Event "2nd Cambridge Int Open"]
[Site "Cambridge ENG"]
[Date "2024.02.24"]
[Round "9.44"]
[White "McMahon, Paul"]
[Black "Hagesather, Nina"]
[Result "1-0"]
[BlackTitle "WFM"]
[WhiteElo "1862"]
[BlackElo "1973"]
[WhiteFideId "408212"]
[BlackFideId "1501542"]
[EventDate "2024.02.19"]

1. e4 e5 2. Nf3 Nc6 3. Bb5 a6 4. Ba4 Nf6 5. O-O Be7 6. Re1 b5 7. Bb3 O-O 8. c3
d6 9. h3 Na5 10. Bc2 c5 11. d3 h6 12. Nbd2 Nh7 13. Nf1 Ng5 14. Ng3 g6 15. h4
Nxf3+ 16. Qxf3 Kg7 17. h5 Bg5 18. d4 Bxc1 19. Raxc1 Qf6 20. Qxf6+ Kxf6 21. d5
Bd7 22. b3 Nb7 23. Re3 a5 24. Rf1 g5 25. Rf3+ Ke7 26. Nf5+ Bxf5 27. Rxf5 Rfc8
28. g3 c4 29. f4 gxf4 30. gxf4 Rg8+ 31. Kh2 Rg7 32. fxe5 Rag8 33. R1f2 dxe5 34.
bxc4 bxc4 35. Rxe5+ Kd6 36. Ref5 Rg4 37. Rf6+ Ke7 38. Rxf7+ Ke8 39. Ba4+ Kd8 40.
Rf8+ Rxf8 41. Rxf8+ Kc7 42. Rf7+ Kb8 43. Bc6 Nc5 44. d6 Ne6 45. Rb7+ Kc8 46. d7+
Kd8 47. Rb8+ Kc7 48. Rc8+ Kd6 49. e5+ Kxe5 50. Re8 1-0

[Event "2nd Cambridge Int Open"]
[Site "Cambridge ENG"]
[Date "2024.02.24"]
[Round "9.45"]
[White "Myall, Ivan J"]
[Black "Latypova, Olga L"]
[Result "1/2-1/2"]
[WhiteElo "1951"]
[BlackElo "1684"]
[WhiteFideId "425168"]
[BlackFideId "472476"]
[EventDate "2024.02.19"]

1. e4 c5 2. c3 d5 3. exd5 Qxd5 4. d4 e6 5. Nf3 Nc6 6. Be3 cxd4 7. cxd4 Nf6 8.
Nc3 Qd6 9. a3 a6 10. Bd3 g6 11. Bg5 Bg7 12. Bxf6 Bxf6 13. Ne4 Qd8 14. Nxf6+ Qxf6
15. O-O O-O 16. Be4 Ne7 17. Qd2 Qg7 18. Rfd1 f5 19. Bc2 Rd8 20. Bb3 h6 21. Rac1
Nd5 22. Ne5 b6 23. Rc6 g5 24. Bxd5 Rxd5 25. Qc1 Qf8 26. Rc7 Qd8 27. h4 Bd7 28.
hxg5 hxg5 29. Rd3 Rc8 30. Rxc8 Bxc8 31. Rc3 Bb7 32. Rg3 Rxd4 33. Rxg5+ Kf8 34.
Ng6+ Kf7 35. Qe3 Rd1+ 36. Kh2 Qc7+ 37. Ne5+ Kf8 38. Qe2 Qc1 39. Ng6+ Kf7 40.
Nh8+ Ke7 41. Rg7+ Kf8 42. Rf7+ Kg8 43. Rxf5 Rh1+ 44. Kg3 exf5 45. Qe8+ Kh7 46.
Qf7+ Kxh8 47. Qf8+ Kh7 48. Qf7+ 1/2-1/2

[Event "2nd Cambridge Int Open"]
[Site "Cambridge ENG"]
[Date "2024.02.24"]
[Round "9.46"]
[White "Gooding, Ian"]
[Black "Chan, Michelle (Ngo Yu)"]
[Result "1/2-1/2"]
[WhiteElo "1910"]
[BlackElo "1681"]
[WhiteFideId "406864"]
[BlackFideId "66202299"]
[EventDate "2024.02.19"]

1. e4 e5 2. Nf3 Nc6 3. Nc3 Nf6 4. Bb5 Nd4 5. Nxe5 Nxb5 6. Nxb5 d6 7. Nf3 Nxe4 8.
Qe2 Qe7 9. Nxc7+ Qxc7 10. Qxe4+ Qe7 11. Qxe7+ Bxe7 12. O-O Bf5 13. c3 Bd3 14.
Re1 d5 15. Ne5 Ba6 16. d4 f6 17. Ng4 Kf7 18. Ne3 Rhd8 19. b3 g6 20. a4 Rac8 21.
Bb2 Rc6 22. Rec1 Rb6 23. b4 Bc4 24. Nxc4 dxc4 25. Re1 Re6 26. Rxe6 Kxe6 27. Re1+
Kf7 28. Bc1 g5 29. f3 Bd6 30. g3 Re8 31. Rxe8 Kxe8 32. Kf2 Kd7 33. f4 g4 34. f5
Kc6 35. Bf4 Bf8 36. Ke3 Kd5 37. Bb8 a6 38. Bf4 Bd6 39. Kf2 Kc6 40. Bh6 1/2-1/2

[Event "2nd Cambridge Int Open"]
[Site "Cambridge ENG"]
[Date "2024.02.24"]
[Round "9.47"]
[White "Baguley, John"]
[Black "Simpson, Ben"]
[Result "0-1"]
[WhiteElo "1790"]
[BlackElo "1873"]
[WhiteFideId "436755"]
[BlackFideId "444405"]
[EventDate "2024.02.19"]

1. d4 Nf6 2. Bf4 d5 3. e3 c5 4. c3 Nc6 5. Nf3 Qb6 6. Qb3 c4 7. Qxb6 axb6 8. a4
Bf5 9. Nbd2 Bc2 10. Be2 Rxa4 11. Rxa4 Bxa4 12. O-O e6 13. Ra1 b5 14. Bd1 Bxd1
15. Rxd1 Nd7 16. Bc7 Be7 17. Ra1 O-O 18. b3 Rc8 19. Bg3 b4 20. cxb4 c3 21. b5
Nb4 22. Rc1 Nd3 23. Rc2 Ba3 24. Nb1 Bb2 25. Bd6 Nf6 26. Ba3 Ra8 27. Bxb2 cxb2
28. Ne5 Nxe5 29. dxe5 Nd7 30. f4 Ra2 31. Kf2 g5 32. Ke2 b6 33. Kd3 Nc5+ 34. Kc3
Ne4+ 35. Kd3 gxf4 36. exf4 Ra5 37. Rxb2 Rxb5 38. Nc3 Nc5+ 39. Kc2 Rb4 40. g3 Kg7
41. Na2 Re4 42. b4 Re2+ 43. Kc3 Na4+ 0-1

[Event "2nd Cambridge Int Open"]
[Site "Cambridge ENG"]
[Date "2024.02.24"]
[Round "9.48"]
[White "Wheatley, Wilfred"]
[Black "Blauhut, Anna"]
[Result "1-0"]
[WhiteElo "1864"]
[BlackElo "1532"]
[WhiteFideId "343414877"]
[BlackFideId "1550128"]
[EventDate "2024.02.19"]

1. e4 e5 2. Nf3 Nc6 3. d4 exd4 4. Nxd4 Nf6 5. Nxc6 bxc6 6. e5 Qe7 7. Qe2 Nd5 8.
c4 Nb6 9. Nc3 Qe6 10. b3 Be7 11. Bb2 O-O 12. O-O-O a5 13. f4 Bb7 14. Qf2 a4 15.
Bd3 axb3 16. axb3 d5 17. exd6 Bxd6 18. c5 Qxb3 19. cxd6 cxd6 20. Bc2 Qb4 21. Rd4
Qc5 22. Ne4 1-0

[Event "2nd Cambridge Int Open"]
[Site "Cambridge ENG"]
[Date "2024.02.24"]
[Round "9.49"]
[White "Smart, Michael R"]
[Black "Bowers, Francis J"]
[Result "1/2-1/2"]
[WhiteElo "1943"]
[BlackElo "1732"]
[WhiteFideId "411370"]
[BlackFideId "438383"]
[EventDate "2024.02.19"]

1. e4 e5 2. d4 exd4 3. c3 Qe7 4. Qxd4 Nc6 5. Qe3 Nf6 6. Nd2 d5 7. exd5 Nxd5 8.
Qxe7+ Bxe7 9. Ngf3 Be6 10. Bb5 O-O-O 11. O-O Nf4 1/2-1/2

[Event "2nd Cambridge Int Open"]
[Site "Cambridge ENG"]
[Date "2024.02.24"]
[Round "9.50"]
[White "Bay-Petersen, Ole"]
[Black "Alderson, John K A"]
[Result "0-1"]
[WhiteElo "1672"]
[BlackElo "1788"]
[WhiteFideId "430188"]
[BlackFideId "422711"]
[EventDate "2024.02.19"]

1. d4 d5 2. Nf3 Nf6 3. e3 c5 4. b3 Nc6 5. Bb2 cxd4 6. exd4 Bf5 7. Bd3 Bxd3 8.
Qxd3 e6 9. O-O Bd6 10. Re1 O-O 11. Ne5 Rc8 12. a3 Nd7 13. Nd2 Ndxe5 14. dxe5 Bc5
15. b4 Bxb4 16. axb4 Nxb4 17. Qa3 Nxc2 18. Qxa7 Nxe1 19. Rxe1 Rc2 20. Qd4 Qa5
21. Rd1 Qa2 22. Ba1 Rfc8 23. Nf1 h6 24. Qb6 Rc1 25. Rxc1 Rxc1 26. Bd4 Qe2 0-1

[Event "2nd Cambridge Int Open"]
[Site "Cambridge ENG"]
[Date "2024.02.24"]
[Round "9.51"]
[White "Lim, Mark ENG"]
[Black "Prince, Alan R"]
[Result "1/2-1/2"]
[WhiteElo "1776"]
[BlackElo "1641"]
[WhiteFideId "417734"]
[BlackFideId "2402165"]
[EventDate "2024.02.19"]

1. Nf3 Nf6 2. d4 g6 3. Nbd2 Bg7 4. e4 d6 5. Bb5+ c6 6. Bd3 Nbd7 7. O-O O-O 8.
Re1 e5 9. c3 Re8 10. a4 a5 11. Bc2 Qc7 12. Bb3 Nf8 13. dxe5 dxe5 14. Ng5 Ne6 15.
Ndf3 h6 16. Nxe6 Bxe6 17. Bxe6 1/2-1/2